00893nam a2200133 4500008002100000020001800021082002600039100001800065245009400083260004400177300002300221505043300244650008200677320.540.910.71 A935m a9789592604384 a320.540.910.71bA935m aAustin, David aMiedo a una nación negra:bRaza, sexo, y seguridad en el Montreal de los años sesenta aLa HabanabCasa de las Américasc2014 a271 p.c21 x 14 cm tUn nuevo comienzo y la pervivencia de la esclavitudtAún prosigue la búsqueda del Atlántico Negro tViejos fantasmas y el mito de las dos soledadestNègres blancs, nègres noirs [negros blancos, negros negros]tAlmas gemelas y Estado duppytEtre et noir-Ser y negrura. Memoria y congresotDías para recordar: las narrativas sobre el Incidente de Sir George WilliamstMiedo a un planeta negrotSigue siendo un problema xnegrosxparticipación políticaxMontrealxsiglo XXxhistoriaxpoder negro